| 000 | 00687cam a22002411 4500 | ||
|---|---|---|---|
| 001 | sa 67006875 | ||
| 003 | DLC | ||
| 005 | 20260227112411.0 | ||
| 008 | 760416s1967 ii 000 0 eng | ||
| 010 | _asa 67006875 | ||
| 035 | _a(OCoLC)2116430 | ||
| 040 |
_aDLC _cNIC _dDLC |
||
| 042 | _apremarc | ||
| 050 | 0 | 0 |
_aHC435.2 _b.S4 |
| 082 | _a338.954 | ||
| 100 | 1 |
_aSen, Samar, _d1916-1987. |
|
| 245 | 1 | 0 |
_aPolitics of Indian economy _c[by] Pragmatist. |
| 260 |
_aBombay, _bPopular Prakashan _c[1967] |
||
| 300 |
_axi, 126 p. _c23 cm. |
||
| 500 | _aPublished in the Economic weekly, 1955-1965. | ||
| 651 | 0 |
_aIndia _xEconomic policy. |
|
| 651 | 0 |
_aIndia _xPolitics and government _y1947- |
|
| 999 |
_c76211 _d76211 |
||